Atlas de la industrialización de España, 1750-2000 / (Record no. 67411)

MARC details
000 -LEADER
campo de control de longitud fija 01157nam a2200313 i 4500
001 - NÚMERO DE CONTROL
campo de control 67411
003 - IDENTIFICADOR DE NÚMERO DE CONTROL
campo de control ES-MaACL
005 - FECHA Y HORA DE LA ÚLTIMA TRANSACCIÓN
campo de control 20250902225543.0
007 - CAMPO FIJO DE DESCRIPCIÓN FÍSICA--INFORMACIÓN GENERAL
campo de control de longitud fija t|
008 - DATOS DE LONGITUD FIJA--INFORMACIÓN GENERAL
campo de control de longitud fija 040525s2003 sp ad |||| | spa d
020 ## - NÚMERO INTERNACIONAL ESTÁNDAR DEL LIBRO
Número Internacional Estándar del Libro 84-8432-382-X
080 ## - NÚMERO DE LA CLASIFICACIÓN DECIMAL UNIVERSAL
Número de la Clasificación Decimal Universal 338.45(460)(084.4)
245 00 - MENCIÓN DEL TÍTULO
Título Atlas de la industrialización de España, 1750-2000 /
Mención de responsabilidad, etc. director, Jordi Nadal Oller ; directores adjuntos, Josep M. Benaul y Carles Sudriáa ; secretaria de redacción, Paloma Fernández ; asistencia técnica e informática, Raimon Soler.
250 ## - MENCION DE EDICION
Mención de edición 1ª ed.
260 ## - PUBLICACIÓN, DISTRIBUCIÓN, ETC.
Lugar de publicación, distribución, etc. Barcelona :
Nombre del editor, distribuidor, etc. Crítica,
Fecha de publicación, distribución, etc. 2003.
300 ## - DESCRIPCIÓN FÍSICA
Extensión 664 p :
Otras características físicas il., gráf ;
Dimensiones 33 cm +
Material acompañante/anejo 1 disco (CD-ROM)
500 ## - NOTA GENERAL
Nota general Índices.
500 ## - NOTA GENERAL
Nota general En port.: Fundación BBVA.
650 14 - PUNTO DE ACCESO ADICIONAL DE MATERIA--TÉRMINO DE MATERIA
Término de materia o nombre geográfico como elemento de entrada Desarrollo industrial-
Subdivisión geográfica España-
Subdivisión de forma Atlas.
9 (RLIN) 11808
700 1# - ENTRADA AGREGADA--NOMBRE PERSONAL
Nombre de persona Nadal, Jordi.
9 (RLIN) 84797
700 1# - ENTRADA AGREGADA--NOMBRE PERSONAL
Nombre de persona Benaul i Berenguer, Josep M.
9 (RLIN) 27435
700 1# - ENTRADA AGREGADA--NOMBRE PERSONAL
Nombre de persona Sudriáa i Triay, Carles.
9 (RLIN) 132949
700 1# - ENTRADA AGREGADA--NOMBRE PERSONAL
Nombre de persona Fernández, Paloma.
9 (RLIN) 49417
700 1# - ENTRADA AGREGADA--NOMBRE PERSONAL
Nombre de persona Soler, Raimon.
9 (RLIN) 107160
710 2# - ENTRADA AGREGADA--NOMBRE DE ENTIDAD CORPORATIVA
Nombre de entidad corporativa o nombre de jurisdicción como elemento de entrada Fundación BBVA
9 (RLIN) 4230
852 ## - LOCALIZACIÓN
Ubicación ES-MaACL
Número de control de estantería L-27653
852 ## - LOCALIZACIÓN
Ubicación ES-MaACL
Número de control de estantería ROT 1/7/20
Nota libre - CD-ROM
Holdings
Estatus retirado Estado de pérdida Estado de daño No para préstamo Biblioteca de origen Biblioteca actual Ubicación en estantería Fecha de adquisición Fuente de adquisición Total de préstamos Signatura topográfica completa Código de barras Visto por última vez Precio de reemplazo Tipo de ítem Koha
        Biblioteca del Ateneo de Madrid Biblioteca del Ateneo de Madrid Depósito 17/01/2008     ROT 1/7/20 1070592 23/02/2023 23/02/2023 Libro impreso
        Biblioteca del Ateneo de Madrid Biblioteca del Ateneo de Madrid Depósito 2 17/01/2008     L-27653 1070591 23/02/2023 23/02/2023 Libro impreso